Exceedingly growing faith / (Record no. 4999)

MARC details
000 -LEADER
fixed length control field 00990cam a2200361 i 4500
001 - CONTROL NUMBER
control field 322923
003 - CONTROL NUMBER IDENTIFIER
control field OSt
005 - DATE AND TIME OF LATEST TRANSACTION
control field 20181219125713.0
008 - FIXED-LENGTH DATA ELEMENTS--GENERAL INFORMATION
fixed length control field 881003t19831983txu 000 0 eng d
020 ## - INTERNATIONAL STANDARD BOOK NUMBER
International Standard Book Number 0892765062
Qualifying information paperback
Terms of availability $3.50
035 ## - SYSTEM CONTROL NUMBER
System control number (OCoLC)18553781
035 ## - SYSTEM CONTROL NUMBER
System control number (OCoLC)ocm18553781
035 ## - SYSTEM CONTROL NUMBER
System control number 322923
040 ## - CATALOGING SOURCE
Original cataloging agency WIJ
Language of cataloging eng
Description conventions rda
Transcribing agency WIJ
049 ## - LOCAL HOLDINGS (OCLC)
Holding library PTSS
082 ## - DEWEY DECIMAL CLASSIFICATION NUMBER
Classification number 234.2
Item number H145E
090 ## - LOCALLY ASSIGNED LC-TYPE CALL NUMBER (OCLC); LOCAL CALL NUMBER (RLIN)
Classification number (OCLC) (R) ; Classification number, CALL (RLIN) (NR) BV4637
Local cutter number (OCLC) ; Book number/undivided call number, CALL (RLIN) .H33 1990
100 1# - MAIN ENTRY--PERSONAL NAME
Personal name Hagin, Kenneth E.,
Dates associated with a name 1917-
245 10 - TITLE STATEMENT
Title Exceedingly growing faith /
Statement of responsibility, etc. by Kenneth E. Hagin.
250 ## - EDITION STATEMENT
Edition statement Second edition.
264 #1 - PRODUCTION, PUBLICATION, DISTRIBUTION, MANUFACTURE, AND COPYRIGHT NOTICE
Place of production, publication, distribution, manufacture Tulsa, Okla. :
Name of producer, publisher, distributor, manufacturer K. Hagin Ministries,
Date of production, publication, distribution, manufacture, or copyright notice [1983]
264 #3 - PRODUCTION, PUBLICATION, DISTRIBUTION, MANUFACTURE, AND COPYRIGHT NOTICE
Date of production, publication, distribution, manufacture, or copyright notice [1990?]
264 #4 - PRODUCTION, PUBLICATION, DISTRIBUTION, MANUFACTURE, AND COPYRIGHT NOTICE
Date of production, publication, distribution, manufacture, or copyright notice �1983
300 ## - PHYSICAL DESCRIPTION
Extent 102 pages ;
Dimensions 22 cm
336 ## - CONTENT TYPE
Content type term text
Content type code txt
Source rdacontent
337 ## - MEDIA TYPE
Media type term unmediated
Media type code n
Source rdamedia
338 ## - CARRIER TYPE
Carrier type term volume
Carrier type code nc
Source rdacarrier
500 ## - GENERAL NOTE
General note "Faith library publications"--T.p.
650 #0 - SUBJECT ADDED ENTRY--TOPICAL TERM
Topical term or geographic name entry element Faith.
650 #0 - SUBJECT ADDED ENTRY--TOPICAL TERM
Topical term or geographic name entry element Spiritual healing.
942 ## - ADDED ENTRY ELEMENTS (KOHA)
Source of classification or shelving scheme Dewey Decimal Classification
Koha item type Books
945 ## - LOCAL PROCESSING INFORMATION (OCLC)
a MARCIVE20181205
Holdings
Withdrawn status Lost status Source of classification or shelving scheme Damaged status Not for loan Collection code Home library Current library Shelving location Date acquired Cost, normal purchase price Total Checkouts Full call number Barcode Date last seen Price effective from Koha item type
    Dewey Decimal Classification     Non-fiction Harvest Mission College Harvest Mission College General Stacks 19.12.2018 360.00   234.2 H145E 005720 19.12.2018 19.12.2018 Books

OPAC Designed and Maintained by HMC Library Team.
Copyright © HMC Library,Greater Noida, UP.
For any Suggestions/Query Contact library via Email:libhmc@gmail.com